[Event "Murcia GMA op"]
[Site "Murcia"]
[Date "1990.??.??"]
[Round "9"]
[White "Fernandez Garcia, Jose Luis"]
[Black "Mendez, Fernando"]
[Result "1-0"]
[WhiteElo "2470"]
[BlackElo "2320"]
[PlyCount "55"]
[EventDate "1990.??.??"]
[EventType "swiss (rapid)"]
[EventRounds "13"]
[EventCountry "ESP"]
[SourceTitle "EXT 2000"]
[Source "ChessBase"]
[SourceDate "1999.11.16"]
[SourceVersion "1"]
[SourceVersionDate "1999.11.16"]
[SourceQuality "1"]

1. e4 e5 2. Nf3 Nc6 3. Bb5 f5 4. Nc3 Nf6 5. exf5 Nd4 6. Nxe5 Bc5 7. 0-0 0-0 8. Nf3 c6 9. Nxd4 Bxd4 10. Ba4 d5 11. Ne2 Bb6 12. d4 Bxf5 13. Bf4 Qe8 14. Ng3 Bg4 15. f3 Bd7 16. c3 Nh5 17. Re1 Qf7 18. Nxh5 Qxh5 19. Bg3 Rae8 20. Bc2 Qg5 21. Qc1 Rxe1+ 22. Qxe1 Re8 23. Qf2 Bd8 24. Re1 Qh5 25. Rxe8+ Qxe8 26. Qe1 Qxe1+ 27. Bxe1 Bg5 28. Kf2 1-0